[Event "Lima Surco op 2nd"]
[Site "Lima"]
[Date "2017.07.09"]
[Round "3"]
[White "Encalada Palomino, Adderly Geiliz"]
[Black "Caja Cruz, Gabriel"]
[Result "0-1"]
[WhiteElo "1182"]
[BlackElo "1642"]
[PlyCount "24"]
[EventDate "2017.07.08"]
[EventType "swiss"]
[EventRounds "9"]
[EventCountry "PER"]
[SourceTitle "EXT 2018"]
[Source "ChessBase"]
[SourceDate "2017.10.13"]
[SourceVersion "1"]
[SourceVersionDate "2017.10.13"]
[SourceQuality "1"]

1. e4 c5 2. Nf3 Nc6 3. d4 cxd4 4. Nxd4 e6 5. Nc3 Nf6 6. Be3 Bb4 7. Bb5 Nxe4 8. Qd3 Nxc3 9. bxc3 Be7 10. c4 Ne5 11. Qe2 a6 12. Ba4 Qa5+ 0-1